000 01253nam a2200229Ia 4500
001 L235-10647
003 IT-CnALBA
008 170116s9999||||xx |||||||||||||| ||und||
040 _aIT-CnALBA
_cIT-CnALBA
041 _aITALIANO
100 _aCLAIR CARLO, DMC.
245 0 _aPIETRO OLIVAINT, SACERDOTE DELLA COMPAGNIA DI GESÙ.
250 _a1a ed.
260 _aARC. MODENA.
_bIMMAC. CONCEZ. TIP. PONT.
_c1879 [1° Ed.:1879 - Ed.Ling.Originale: 1879]
300 _a511 p. (prefazione: 1)
500 _aPIETRO OLIVAINT, SJ. INFANZIA. FAMIGLIA. AMICI. CONVERSIONE. CORRISPONDENZA CON P. LACORDAIRE. GRENOBLE. PARIGI. MONTMIRAIL. P. OLIVAINT NELLA COMPAGNIA DI GESÙ. SACERDOTE. PROFESSORE. ZELO PER I POVERI. OPERA DI GESÙ BEMBINO. SOCIETÀ DI S. FRANCESCO SAVE
501 _aSocietà San Paolo EM - Piazza San Paolo, 14 - 12051 ALBA (CN) (non commercial uses only) ® Copyright 2017
520 _aPIETRO OLIVAINT, SJ. INFANZIA. FAMIGLIA. AMICI. CONVERSIONE. CORRISPONDENZA CON P. LACORDAIRE. GRENOBLE. PARIGI. MONTMIRAIL. P. OLIVAINT NELLA COMPAGNIA DI GESÙ. SACERDOTE. PROFESSORE. ZELO PER I POVERI. OPERA DI GESÙ BEMBINO. SOCIETÀ DI S. FRANCESCO SAVE
650 _aMARIA SS. ANGELI SANTI DEMONI
942 _cBK
957 _71
999 _a15400
_bSI
_g Copie: 1
_c269824
_d269824